[Event "Guernsey International Chess Festival 2"]
[Site "?"]
[Date "2019.10.20"]
[Round "1.9"]
[White "Fassaert, Desire JM"]
[Black "Van den Boogaart, Jan Maarten"]
[Result "0-1"]
[WhiteElo "1952"]
[BlackElo "2039"]
[PlyCount "80"]
[EventDate "2019.??.??"]

1. Nf3 d5 2. d4 Nf6 3. Bf4 c5 4. c3 e6 5. e3 Nc6 6. Nbd2 Bd6 7. Bxd6 Qxd6 8.
Bd3 O-O 9. O-O Rd8 10. Qc2 e5 11. dxe5 Nxe5 12. Nxe5 Qxe5 13. c4 Be6 14. Rfe1
dxc4 15. Nxc4 Qh5 16. e4 b5 17. Ne3 c4 18. Be2 Qe5 19. f3 Qc5 20. Bf1 Rd4 21.
Qf2 Rd7 22. Rad1 Rad8 23. Rxd7 Rxd7 24. Rd1 Kf8 25. Rxd7 Nxd7 26. Nc2 Ke7 27.
Qxc5+ Nxc5 28. Nd4 a6 29. Kf2 Kd6 30. Ke3 Nd7 31. Nxe6 fxe6 32. f4 e5 33. g3
Kc5 34. Bh3 exf4+ 35. gxf4 Nf6 36. Be6 b4 37. h4 h6 38. e5 Nd5+ 39. Ke4 c3 40.
bxc3 bxc3 0-1

[Event "Guernsey International Chess Festival 2"]
[Site "?"]
[Date "2019.10.20"]
[Round "1.10"]
[White "Dilleigh, Stephen P"]
[Black "Dijksterhuis, Rolf"]
[Result "1/2-1/2"]
[WhiteElo "2037"]
[BlackElo "1937"]
[PlyCount "78"]
[EventDate "2019.??.??"]

1. Nf3 d5 2. d4 Nf6 3. c4 c6 4. Nc3 e6 5. e3 Nbd7 6. Qc2 Bd6 7. Bd3 b6 8. O-O
Bb7 9. e4 dxe4 10. Nxe4 Nxe4 11. Bxe4 Nf6 12. Bd3 c5 13. dxc5 Bxc5 14. Qe2 Qc7
15. Bg5 O-O 16. Rfd1 Ng4 17. Be3 Bxf3 18. Qxf3 Qxh2+ 19. Kf1 Nxe3+ 20. fxe3 Qe5
21. Qe4 Qf6+ 22. Ke2 g6 23. Rab1 a5 24. Rh1 Rad8 25. Qh4 Qxh4 26. Rxh4 Rd7 27.
Rd1 Rfd8 28. Rhh1 Kg7 29. Bc2 h5 30. Rxd7 Rxd7 31. Rd1 Re7 32. Ba4 e5 33. Rd7
Re6 34. Rc7 g5 35. Bc6 h4 36. Bd5 Rf6 37. Bf3 e4 38. Bxe4 g4 39. Rc6 Rxc6
1/2-1/2

[Event "Guernsey International Chess Festival 2"]
[Site "?"]
[Date "2019.10.20"]
[Round "1.11"]
[White "Spanton, Timothy R"]
[Black "Thurlow, Kevin J"]
[Result "1/2-1/2"]
[WhiteElo "1927"]
[BlackElo "2021"]
[PlyCount "100"]
[EventDate "2019.??.??"]

1. Nc3 d5 2. d4 Nf6 3. Bf4 e6 4. Nb5 Na6 5. e3 c6 6. Nc3 Bd6 7. Bg5 e5 8. dxe5
Bxe5 9. Nf3 Bxc3+ 10. bxc3 Nc5 11. Bxf6 Qxf6 12. Qd4 Ne4 13. Qxf6 Nxf6 14. c4
O-O 15. cxd5 Nxd5 16. Bc4 Nb4 17. O-O-O c5 18. a3 Nc6 19. Rd5 b6 20. Rd6 Na5
21. Bd5 Nb7 22. Bxb7 Bxb7 23. Rd7 Bc6 24. Rd6 Rac8 25. Rhd1 f6 26. Ne1 Kf7 27.
Kb2 Ke7 28. Kc3 Rfd8 29. Rxd8 Rxd8 30. Rxd8 Kxd8 31. f3 Ke7 32. Nd3 g5 33. Nf2
h5 34. h3 Ke6 35. Kd2 b5 36. c3 a5 37. e4 Kd6 38. Nd3 c4 39. Ne1 h4 40. Nc2 Bd7
41. Ke3 Ke5 42. Nd4 Be8 43. Ne2 Bc6 44. Nd4 Bd7 45. Ne2 f5 46. exf5 Bxf5 47.
Nd4 Bd7 48. Ne2 Be6 49. Nd4 Bd7 50. Ne2 Bc6 1/2-1/2

[Event "Guernsey International Chess Festival 2"]
[Site "?"]
[Date "2019.10.20"]
[Round "1.12"]
[White "Pleasants, Allan J"]
[Black "Taylor, Mark V"]
[Result "1-0"]
[WhiteElo "2019"]
[BlackElo "1921"]
[PlyCount "57"]
[EventDate "2019.??.??"]

1. d4 e6 2. Nf3 f5 3. g3 Nf6 4. Bg2 Be7 5. c4 O-O 6. Nc3 a5 7. O-O d6 8. Qc2
Nc6 9. Rd1 Qe8 10. Bf4 Bd8 11. a3 Qh5 12. b3 Ng4 13. h3 Nh6 14. d5 g5 15. Bc1
Ne5 16. Nxe5 dxe5 17. Bb2 g4 18. h4 Bf6 19. c5 Rf7 20. Rac1 Bg7 21. c6 bxc6 22.
dxc6 Ba6 23. Na4 f4 24. Nc5 Bxe2 25. Qxe2 f3 26. Qc4 fxg2 27. Qxe6 Kh8 28. Rd7
Raf8 29. Ne4 1-0

[Event "Guernsey International Chess Festival 2"]
[Site "?"]
[Date "2019.10.20"]
[Round "1.13"]
[White "Sikkel, Dirk"]
[Black "Wager, John D"]
[Result "0-1"]
[WhiteElo "1918"]
[BlackElo "2013"]
[PlyCount "64"]
[EventDate "2019.??.??"]

1. e4 c5 2. Nf3 e6 3. b3 Nf6 4. e5 Nd5 5. Bb2 Nc6 6. g3 b6 7. Bg2 Be7 8. O-O
O-O 9. Qe2 f5 10. c4 Nc7 11. d4 cxd4 12. Nxd4 Nxd4 13. Bxd4 Rb8 14. Nc3 Bb7 15.
Rad1 Bxg2 16. Kxg2 Qc8 17. f4 a6 18. Na4 b5 19. Nc5 bxc4 20. bxc4 Na8 21. Nb3
Qc6+ 22. Rf3 Rfc8 23. c5 Nc7 24. Na5 Qb5 25. Qxb5 Nxb5 26. Bf2 Bxc5 27. Rxd7
Bb4 28. Nb3 Rc2 29. a4 Nc3 30. Kh3 Ne4 31. Ba7 g5 32. g4 h5 0-1

[Event "Guernsey International Chess Festival 2"]
[Site "?"]
[Date "2019.10.20"]
[Round "1.14"]
[White "Collier, David O"]
[Black "Goris, Ton"]
[Result "1/2-1/2"]
[WhiteElo "2009"]
[BlackElo "1913"]
[PlyCount "80"]
[EventDate "2019.??.??"]

1. d4 e6 2. Nf3 c5 3. c4 cxd4 4. Nxd4 Nc6 5. Nc2 Nf6 6. Nc3 d6 7. b3 Be7 8. g3
O-O 9. Bg2 a6 10. O-O Qc7 11. Bb2 Rb8 12. a4 Rd8 13. Ne3 b6 14. Rc1 Qd7 15. Ba3
Bb7 16. Rc2 Na5 17. Rd2 Bxg2 18. Nxg2 Nb7 19. e4 Qc7 20. Ne3 Nc5 21. f3 Qc8 22.
Kg2 g6 23. Re1 h5 24. Qc2 Kg7 25. Bb2 Kh7 26. Red1 Ne8 27. Kg1 Bg5 28. f4 Be7
29. Rf1 Qb7 30. f5 Bf6 31. fxg6+ fxg6 32. Rdf2 Kg7 33. Rxf6 Nxf6 34. Ncd5 exd5
35. Bxf6+ Kh7 36. Bxd8 Rxd8 37. Nxd5 Qg7 38. Nf6+ Kh8 39. e5 dxe5 40. b4 Nd3
1/2-1/2

[Event "Guernsey International Chess Festival 2"]
[Site "?"]
[Date "2019.10.20"]
[Round "1.15"]
[White "Sedgwick, David R"]
[Black "Morcom, Huw"]
[Result "1/2-1/2"]
[WhiteElo "1999"]
[BlackElo "1906"]
[PlyCount "50"]
[EventDate "2019.??.??"]

1. e4 c5 2. c3 d6 3. d4 Nd7 4. Nf3 g6 5. Bc4 Nb6 6. Bb3 e6 7. dxc5 dxc5 8.
Qxd8+ Kxd8 9. O-O Nf6 10. e5 Nfd5 11. c4 Nb4 12. Bg5+ Be7 13. Nc3 Bxg5 14. Nxg5
Ke7 15. Nge4 Nd3 16. Nb5 Nxe5 17. Nxc5 Nexc4 18. Bxc4 Nxc4 19. Rac1 Nd6 20.
Nxd6 Kxd6 21. Rfd1+ Ke5 22. Nd7+ Bxd7 23. Rxd7 Rhc8 24. Re1+ Kf6 25. Rxb7 Rcb8
1/2-1/2

[Event "Guernsey International Chess Festival 2"]
[Site "?"]
[Date "2019.10.20"]
[Round "1.16"]
[White "Heppell, Ian N"]
[Black "Gravett, Alan D"]
[Result "1-0"]
[WhiteElo "1995"]
[BlackElo "1831"]
[PlyCount "53"]
[EventDate "2019.??.??"]

1. e4 c5 2. Nf3 Nf6 3. e5 Nd5 4. d4 b5 5. c3 e6 6. Bxb5 Qa5 7. Qe2 cxd4 8. Nxd4
a6 9. Bd3 Bb7 10. O-O Be7 11. Qg4 Nc6 12. Nxc6 Bxc6 13. Nd2 O-O-O 14. Nc4 Qc7
15. Re1 f5 16. Qd4 Bb7 17. b4 g5 18. a4 Rdg8 19. Bf1 h5 20. Ba3 Nf4 21. b5 Bxa3
22. Rxa3 h4 23. Nd6+ Kb8 24. Nxb7 Qxb7 25. bxa6 Qc6 26. Rb1+ Kc8 27. Rab3 1-0

[Event "Guernsey International Chess Festival 2"]
[Site "?"]
[Date "2019.10.20"]
[Round "1.17"]
[White "Brookfield, Toby"]
[Black "Purdon, Colin"]
[Result "1/2-1/2"]
[WhiteElo "1804"]
[BlackElo "1993"]
[PlyCount "76"]
[EventDate "2019.??.??"]

1. e4 c6 2. d4 d5 3. Nd2 dxe4 4. Nxe4 Nd7 5. Ng5 Ngf6 6. N1f3 h6 7. Ne6 fxe6 8.
Bd3 Qc7 9. Qe2 g5 10. Bg6+ Kd8 11. Bd2 Bg7 12. O-O-O Nf8 13. Bf7 Nd5 14. Ne5
Bxe5 15. dxe5 Bd7 16. c4 Rh7 17. Bh5 Nf4 18. Qf3 N4g6 19. Rhe1 Kc8 20. Bc3 b6
21. g3 Kb7 22. Qe4 Be8 23. Rd2 Rd8 24. Red1 Rxd2 25. Rxd2 Kb8 26. b4 Rg7 27. b5
cxb5 28. Rd8+ Qxd8 29. Bf3 Qc8 30. Qa8+ Kc7 31. Qxa7+ Kd8 32. Qxb6+ Qc7 33. Qa6
Qxc4 34. Qa8+ Qc8 35. Qa5+ Qc7 36. Qa8+ Qc8 37. Qa5+ Qc7 38. Qa8+ Qc8 1/2-1/2

[Event "Guernsey International Chess Festival 2"]
[Site "?"]
[Date "2019.10.20"]
[Round "1.18"]
[White "Burton, Ronnie"]
[Black "Hamperl, Fred A"]
[Result "0-1"]
[WhiteElo "1862"]
[BlackElo "1995"]
[PlyCount "102"]
[EventDate "2019.??.??"]

1. d4 Nf6 2. Nf3 c5 3. d5 d6 4. Nc3 g6 5. e4 Bg7 6. Be2 O-O 7. O-O a6 8. a4 e5
9. a5 Ne8 10. Nd2 f5 11. f3 Nd7 12. Nc4 b5 13. axb6 Nxb6 14. Ra3 Nf6 15. Nxb6
Qxb6 16. Rb3 Qc7 17. Be3 Rb8 18. Rxb8 Qxb8 19. b3 Qb4 20. Na2 Qa5 21. Qb1 fxe4
22. fxe4 Nxe4 23. Rxf8+ Bxf8 24. Bd3 Bf5 25. g4 Nc3 26. Nxc3 Bxd3 27. Bd2 Bb5
28. Ne4 Qd8 29. c4 Bd7 30. Bg5 Be7 31. Bxe7 Qxe7 32. Qf1 Kg7 33. h3 h5 34. Qf3
hxg4 35. hxg4 a5 36. Kg2 a4 37. bxa4 Bxa4 38. Kg3 Bc2 39. Nc3 Qf6 40. Nb5 Qe7
41. Qc3 Bb1 42. Qb3 Be4 43. Qe3 Bc2 44. Qa3 Qf6 45. Qe3 g5 46. Nc7 Qf4+ 47.
Qxf4 gxf4+ 48. Kf2 Kf6 49. Nb5 Ke7 50. g5 Bd3 51. Na3 e4 0-1

[Event "Guernsey International Chess Festival 2"]
[Site "?"]
[Date "2019.10.20"]
[Round "1.19"]
[White "Rosen, Daniel B"]
[Black "Agustsson, Hafsteinn"]
[Result "1-0"]
[WhiteElo "1990"]
[BlackElo "1804"]
[PlyCount "87"]
[EventDate "2019.??.??"]

1. e4 c5 2. Nc3 g6 3. f4 Nc6 4. Nf3 Bg7 5. Bc4 e6 6. O-O Nge7 7. d3 O-O 8. Bb3
Na5 9. Bd2 Nec6 10. Kh1 b6 11. Qe2 Bb7 12. e5 d6 13. exd6 Qxd6 14. Ne4 Qc7 15.
Bc3 Nxb3 16. axb3 Nd4 17. Nxd4 cxd4 18. Bb4 Rfd8 19. Rac1 Bd5 20. Be1 Qe7 21.
Bg3 Rac8 22. Nd2 Qb7 23. Bh4 Rd7 24. Ne4 Bxe4 25. dxe4 Rdc7 26. e5 Bf8 27. Rfd1
Qd5 28. Bf2 Bc5 29. b4 Bxb4 30. Rxd4 Qa5 31. c3 Bc5 32. Rd2 Bxf2 33. Qxf2 Qc5
34. Qg3 Qe7 35. Rcd1 Kf8 36. Rd6 Kg7 37. Qh3 h5 38. Qe3 Kf8 39. f5 exf5 40.
Qh6+ Kg8 41. e6 Qf8 42. exf7+ Rxf7 43. Rxg6+ Rg7 44. Rxg7+ 1-0

[Event "Guernsey International Chess Festival 2"]
[Site "?"]
[Date "2019.10.20"]
[Round "1.20"]
[White "Murray, J Stephen"]
[Black "Prins, Jan H"]
[Result "1/2-1/2"]
[WhiteElo "1736"]
[BlackElo "1987"]
[PlyCount "87"]
[EventDate "2019.??.??"]

1. e4 c6 2. d4 d5 3. exd5 cxd5 4. Bd3 Nc6 5. c3 g6 6. h3 Bg7 7. Nf3 Nf6 8. O-O
O-O 9. Re1 a6 10. a4 Qc7 11. Nbd2 Nh5 12. Nf1 Rb8 13. Be3 f5 14. Qc1 f4 15. Bd2
Bf5 16. Bxf5 Rxf5 17. N1h2 Na5 18. Qc2 Nc4 19. Ng4 Rbf8 20. Re6 Nf6 21. Nxf6+
R8xf6 22. Rae1 Rxe6 23. Rxe6 Qd7 24. Re1 Bf6 25. Bc1 Kg7 26. b3 Nd6 27. Ne5
Bxe5 28. Rxe5 g5 29. Qe2 Ne4 30. Rxf5 Qxf5 31. f3 Nxc3 32. Qxe7+ Kh6 33. Ba3 b5
34. Qe8 Qg6 35. Bf8+ Kh5 36. Qxg6+ Kxg6 37. axb5 axb5 38. Kf2 Nd1+ 39. Ke2 Ne3
40. g4 Kf6 41. Bc5 Ng2 42. Bb6 h6 43. Ba5 Ke6 44. Be1 1/2-1/2

[Event "Guernsey International Chess Festival 2"]
[Site "?"]
[Date "2019.10.20"]
[Round "1.21"]
[White "Kraft, Karl Heinz"]
[Black "Canonne, Antoine"]
[Result "1/2-1/2"]
[WhiteElo "1986"]
[BlackElo "1908"]
[PlyCount "50"]
[EventDate "2019.??.??"]

1. e4 c5 2. c3 e6 3. d4 d5 4. exd5 exd5 5. Nf3 c4 6. b3 cxb3 7. axb3 Nf6 8.
Bb5+ Bd7 9. Qe2+ Be7 10. Ne5 O-O 11. O-O Nc6 12. Ba3 Re8 13. Re1 Bf8 14. Bxf8
Kxf8 15. Bxc6 Bxc6 16. Nd2 Qc7 17. Qd3 Kg8 18. Re3 Re7 19. Rae1 Rae8 20. f3 Nd7
21. Nxd7 Qxd7 22. Kf2 Rxe3 23. Rxe3 Rxe3 24. Qxe3 f6 25. Qf4 Kf7 1/2-1/2

[Event "Guernsey International Chess Festival 2"]
[Site "?"]
[Date "2019.10.21"]
[Round "2.2"]
[White "Van den Boogaart, Jan Maarten"]
[Black "Povah, Nigel E"]
[Result "0-1"]
[WhiteElo "2039"]
[BlackElo "2301"]
[PlyCount "134"]
[EventDate "2019.??.??"]

1. e4 d5 2. exd5 Nf6 3. d4 Bg4 4. Be2 Bxe2 5. Qxe2 Qxd5 6. Nf3 e6 7. O-O Nc6 8.
Nc3 Qh5 9. Bf4 O-O-O 10. Rad1 Rg8 11. Bg3 g5 12. Ne5 Qxe2 13. Nxe2 Nxe5 14.
Bxe5 Nd7 15. Bg3 f5 16. f3 Nb6 17. Rd3 f4 18. Bf2 c6 19. b3 Rg7 20. Nc3 h5 21.
Re1 Rg6 22. Ne4 Nd5 23. h3 Be7 24. c4 Nc7 25. Kf1 g4 26. hxg4 hxg4 27. fxg4
Rxg4 28. g3 e5 29. gxf4 Rxf4 30. Kg2 Ne6 31. Ng3 Bf6 32. d5 Rg4 33. Rdd1 cxd5
34. Rxd5 Rdg8 35. Rd6 Nf4+ 36. Kf3 Be7 37. Ne4 Bxd6 38. Nxd6+ Kd7 39. Nf7 Nd3
40. Nxe5+ Nxe5+ 41. Rxe5 a6 42. Rd5+ Ke6 43. Be3 Rh4 44. Rd2 Rh3+ 45. Ke4 Rg4+
46. Bf4 Rhh4 47. Rf2 Rg1 48. Kd3 Rhg4 49. Re2+ Kf5 50. Bd2 R1g3+ 51. Kc2 Rg2
52. Re1 Rd4 53. Rd1 Re2 54. Kc3 Ke4 55. Kc2 b6 56. Kc1 a5 57. Kc2 Rd6 58. Kc3
Rd3+ 59. Kc2 a4 60. bxa4 Kd4 61. Kc1 Kxc4 62. a5 b5 63. Kc2 b4 64. Kc1 Re5 65.
Kb1 Kb5 66. Kc2 Red5 67. a3 b3+ 0-1

[Event "Guernsey International Chess Festival 2"]
[Site "?"]
[Date "2019.10.21"]
[Round "2.10"]
[White "Thurlow, Kevin J"]
[Black "Brookfield, Toby"]
[Result "1-0"]
[WhiteElo "2021"]
[BlackElo "1804"]
[PlyCount "55"]
[EventDate "2019.??.??"]

1. c4 f5 2. d4 Nf6 3. Nc3 d6 4. g3 g6 5. Bg2 Bg7 6. Bf4 O-O 7. Qd2 Qe8 8. O-O-O
e5 9. dxe5 dxe5 10. Bh6 Bxh6 11. Qxh6 Ng4 12. Qg5 Na6 13. Nh3 c6 14. Rd6 Be6
15. Rhd1 Qf7 16. f3 Nf6 17. Qh4 Nc7 18. Ng5 Qe7 19. e4 Rae8 20. Bh3 Bc8 21. f4
Ne6 22. exf5 Nxg5 23. fxg5 Nd5 24. fxg6 Bxh3 25. Qxh7+ Qxh7 26. gxh7+ Kxh7 27.
cxd5 e4 28. Rh6+ 1-0

[Event "Guernsey International Chess Festival 2"]
[Site "?"]
[Date "2019.10.21"]
[Round "2.11"]
[White "Dijksterhuis, Rolf"]
[Black "Collier, David O"]
[Result "1/2-1/2"]
[WhiteElo "1937"]
[BlackElo "2009"]
[PlyCount "89"]
[EventDate "2019.??.??"]

1. e4 c5 2. Nf3 d6 3. d4 cxd4 4. Nxd4 Nf6 5. Nc3 a6 6. Bc4 e6 7. Bb3 Nbd7 8.
Be3 Nc5 9. f3 h5 10. Qd2 Bd7 11. O-O-O b5 12. a3 Qb8 13. Rhe1 a5 14. Nb1 Qc7
15. Qc3 Qb7 16. Bd2 Rc8 17. Qe3 g6 18. Qe2 e5 19. Bd5 exd4 20. Bc3 Nxd5 21.
exd5+ Kd8 22. Bxa5+ Rc7 23. Nd2 d3 24. Bxc7+ Qxc7 25. cxd3 Nxd3+ 26. Kb1 Nxe1
27. Rxe1 Qc5 28. Qd3 Bf5 29. Ne4 Qc4 30. Qxc4 bxc4 31. Rc1 Bg7 32. Rxc4 Kd7 33.
b4 Rc8 34. Rxc8 Kxc8 35. Ka2 Kc7 36. Kb3 Be5 37. h3 Bd7 38. a4 f5 39. Nd2 Bc8
40. b5 Bb7 41. Kc4 Bg3 42. Nb3 Bf2 43. Nc1 f4 44. Ne2 Be3 45. Nc3 1/2-1/2

[Event "Guernsey International Chess Festival 2"]
[Site "?"]
[Date "2019.10.21"]
[Round "2.12"]
[White "Canonne, Antoine"]
[Black "Sedgwick, David R"]
[Result "1/2-1/2"]
[WhiteElo "1908"]
[BlackElo "1999"]
[PlyCount "67"]
[EventDate "2019.??.??"]

1. e4 e5 2. Nc3 Nf6 3. f4 d5 4. fxe5 Nxe4 5. d3 Nxc3 6. bxc3 Be7 7. Nf3 c5 8.
Be2 Nc6 9. O-O Be6 10. Qe1 Qd7 11. d4 c4 12. a4 O-O-O 13. Ba3 Bxa3 14. Rxa3 Qe7
15. Ra2 g5 16. Qf2 h5 17. a5 h4 18. a6 b6 19. Nd2 Rh6 20. Nb1 g4 21. Qf4 Rg6
22. Na3 g3 23. Nb5 gxh2+ 24. Kxh2 h3 25. g3 Rdg8 26. Rg1 Qg5 27. Nd6+ Kb8 28.
Qxg5 Rxg5 29. Raa1 Ne7 30. Raf1 R8g7 31. Rf2 Nf5 32. Nxf5 Bxf5 33. Bf3 Be6 34.
Rff1 1/2-1/2

[Event "Guernsey International Chess Festival 2"]
[Site "?"]
[Date "2019.10.21"]
[Round "2.13"]
[White "Purdon, Colin"]
[Black "Murray, J Stephen"]
[Result "1-0"]
[WhiteElo "1993"]
[BlackElo "1736"]
[PlyCount "65"]
[EventDate "2019.??.??"]

1. d4 Nf6 2. c4 e6 3. Nc3 d5 4. Bg5 Be7 5. e3 h6 6. Bh4 O-O 7. Nf3 b6 8. cxd5
exd5 9. Bd3 Be6 10. O-O Nbd7 11. Rc1 c5 12. h3 Re8 13. Ne5 Ne4 14. Nc6 Nxc3 15.
Rxc3 Bxh4 16. Nxd8 Raxd8 17. Bb5 Re7 18. Qa4 Bf6 19. Rd1 Nf8 20. Rc2 c4 21. b3
Bf5 22. Rcc1 cxb3 23. Qxb3 Ng6 24. Rc3 Be6 25. Rdc1 Nh4 26. Rc7 a5 27. Bd3 Rxc7
28. Rxc7 Rb8 29. Qb5 Nf5 30. Rc6 Bd8 31. Rxe6 fxe6 32. Qe8+ Kh7 33. Qxe6 1-0

[Event "Guernsey International Chess Festival 2"]
[Site "?"]
[Date "2019.10.21"]
[Round "2.15"]
[White "Morcom, Huw"]
[Black "Kraft, Karl Heinz"]
[Result "1-0"]
[WhiteElo "1906"]
[BlackElo "1986"]
[PlyCount "75"]
[EventDate "2019.??.??"]

1. e4 e6 2. d4 d5 3. e5 c5 4. c3 Nc6 5. a3 a5 6. f4 Qb6 7. Nf3 Nh6 8. Bd3 Bd7
9. Bc2 g6 10. O-O cxd4 11. cxd4 Nf5 12. Bxf5 gxf5 13. Kh1 Be7 14. Nc3 Qa6 15.
Na4 b6 16. Be3 Na7 17. Rf2 Rc8 18. Nc3 a4 19. Ng5 Bxg5 20. fxg5 Ke7 21. g4 Rxc3
22. bxc3 Qc4 23. gxf5 exf5 24. Bd2 Nb5 25. Qf1 Qc6 26. Qh3 Qg6 27. Qh6 Na7 28.
h4 Nc6 29. h5 Qxh6 30. gxh6 Rg8 31. Rg1 Rg4 32. Bg5+ Ke8 33. Rxg4 fxg4 34. Rb2
Bf5 35. Rxb6 Na5 36. Ra6 Nc4 37. Rxa4 g3 38. Kg2 1-0

[Event "Guernsey International Chess Festival 2"]
[Site "?"]
[Date "2019.10.21"]
[Round "2.16"]
[White "Taylor, Mark V"]
[Black "Kirby, Peter J"]
[Result "1/2-1/2"]
[WhiteElo "1921"]
[BlackElo "2004"]
[PlyCount "81"]
[EventDate "2019.??.??"]

1. d4 Nf6 2. c4 g6 3. Nc3 Bg7 4. e4 d6 5. Nf3 O-O 6. h3 e5 7. d5 a5 8. Bg5 h6
9. Be3 Na6 10. Be2 Nd7 11. g4 Nb6 12. Nd2 Nc5 13. Qc2 a4 14. a3 c6 15. O-O-O
cxd5 16. cxd5 Bd7 17. Kb1 Rc8 18. Rdg1 Kh7 19. h4 Rh8 20. Qd1 Kg8 21. Qf1 Qc7
22. h5 g5 23. Bb5 Bf6 24. Bxd7 Qxd7 25. Qb5 Qxb5 26. Nxb5 Be7 27. Rc1 Kg7 28.
Bxc5 Rxc5 29. Rxc5 dxc5 30. d6 Bf6 31. Rc1 Nd7 32. Nc4 Ra8 33. Ne3 Bd8 34. Nf5+
Kh7 35. f3 Ra5 36. Nc7 Ra7 37. Rd1 b6 38. Nd5 Ra8 39. Nc7 Ra7 40. Nd5 Ra8 41.
Nc7 1/2-1/2

[Event "Guernsey International Chess Festival 2"]
[Site "?"]
[Date "2019.10.21"]
[Round "2.17"]
[White "De Kruif, Kees"]
[Black "Fassaert, Desire JM"]
[Result "1/2-1/2"]
[WhiteElo "1985"]
[BlackElo "1952"]
[PlyCount "61"]
[EventDate "2019.??.??"]

1. c4 c5 2. g3 g6 3. Bg2 Bg7 4. Nc3 Nc6 5. d3 e6 6. e4 Nge7 7. Nge2 d6 8. O-O
O-O 9. Rb1 b6 10. a3 Bb7 11. b4 Qd7 12. b5 Nd4 13. Nxd4 cxd4 14. Ne2 e5 15. a4
f5 16. Bh3 Qc7 17. f3 Rad8 18. Qb3 Kh8 19. Bd2 Bc8 20. Kg2 Be6 21. Ng1 h5 22.
Qa3 Kh7 23. a5 Bh6 24. Bxh6 Kxh6 25. a6 g5 26. Kh1 g4 27. Bg2 fxe4 28. fxe4 Ng8
29. Qc1+ Kg6 30. Qd2 Qe7 31. h4 1/2-1/2

[Event "Guernsey International Chess Festival 2"]
[Site "?"]
[Date "2019.10.21"]
[Round "2.18"]
[White "Korte, Markus"]
[Black "Burton, Ronnie"]
[Result "0-1"]
[WhiteElo "1975"]
[BlackElo "1862"]
[PlyCount "54"]
[EventDate "2019.??.??"]

1. e4 d5 2. exd5 Nf6 3. d4 Bg4 4. Bb5+ Nbd7 5. Be2 Bxe2 6. Qxe2 Nxd5 7. Nf3 e6
8. O-O Be7 9. c4 N5b6 10. Nc3 c6 11. a3 a5 12. Re1 Nf6 13. Bf4 O-O 14. Rad1 Re8
15. Ne5 Qc8 16. Qf3 Nfd7 17. Qg3 Nxe5 18. dxe5 Kh8 19. Ne4 Nxc4 20. Nd6 Bxd6
21. exd6 Qd7 22. Qc3 Nb6 23. Qh3 Nd5 24. Bg3 Rad8 25. Re5 f6 26. Rh5 g6 27. Rh6
e5 0-1

[Event "Guernsey International Chess Festival 2"]
[Site "?"]
[Date "2019.10.21"]
[Round "2.19"]
[White "Gravett, Alan D"]
[Black "Kwossek, Georg"]
[Result "0-1"]
[WhiteElo "1831"]
[BlackElo "1984"]
[PlyCount "56"]
[EventDate "2019.??.??"]

1. Nf3 f5 2. d4 Nf6 3. g3 g6 4. Bg2 Bg7 5. O-O O-O 6. d5 c6 7. c4 d6 8. Nc3 Qe8
9. e4 fxe4 10. Ng5 Na6 11. Ngxe4 Nxe4 12. Nxe4 Nc7 13. c5 dxc5 14. dxc6 b6 15.
Bf4 Ne6 16. Qd5 Rf5 17. Nd6 exd6 18. Qxd6 Nxf4 19. gxf4 Qf8 20. Rfd1 Bd4 21.
Rxd4 cxd4 22. Qxd4 Be6 23. Rd1 Rxf4 24. Qe5 Re8 25. c7 Rxf2 26. Bc6 Rf5 27. Qe3
Qb4 28. Bxe8 Qg4+ 0-1

[Event "Guernsey International Chess Festival 2"]
[Site "?"]
[Date "2019.10.21"]
[Round "2.20"]
[White "Magnussen, Pal"]
[Black "Sikkel, Dirk"]
[Result "0-1"]
[WhiteElo "1983"]
[BlackElo "1918"]
[PlyCount "62"]
[EventDate "2019.??.??"]

1. e4 g6 2. d4 Bg7 3. Bc4 d6 4. Nf3 e6 5. Nc3 a6 6. a4 Ne7 7. O-O b6 8. Be3 Bb7
9. Bb3 Nd7 10. Qd2 h6 11. Rad1 Nf6 12. Qd3 d5 13. exd5 Nfxd5 14. Ne5 O-O 15.
Bc1 Nxc3 16. Qxc3 Nf5 17. Rfe1 Bd5 18. Bxd5 exd5 19. Qf3 Qd6 20. Bf4 Qb4 21.
Qxd5 Rad8 22. Qa2 Rxd4 23. Nd3 Qa5 24. b4 Qd5 25. Qxd5 Rxd5 26. Bxc7 Bc3 27.
Re4 b5 28. axb5 axb5 29. Nb2 Nd4 30. Bb6 Bxb2 31. Bxd4 Rfd8 0-1

[Event "Guernsey International Chess Festival 2"]
[Site "?"]
[Date "2019.10.21"]
[Round "2.21"]
[White "Rowe, Peter"]
[Black "Agustsson, Hafsteinn"]
[Result "1-0"]
[WhiteElo "1957"]
[BlackElo "1804"]
[PlyCount "73"]
[EventDate "2019.??.??"]

1. d4 d5 2. Nf3 Nf6 3. Bf4 e6 4. e3 Be7 5. Bd3 O-O 6. Ne5 c5 7. c3 b6 8. Nd2
Bb7 9. Qf3 Nbd7 10. Qh3 Re8 11. g4 Ne4 12. Nxd7 Qxd7 13. f3 g5 14. Bg3 cxd4 15.
exd4 f5 16. Be5 Bf6 17. Bxf6 Nxf6 18. Qh6 Qg7 19. Qxg7+ Kxg7 20. h4 h6 21. gxf5
exf5+ 22. Kf2 Kg6 23. Nf1 Bc8 24. Ng3 g4 25. h5+ Kg5 26. Rag1 f4 27. Ne2 Rxe2+
28. Bxe2 g3+ 29. Kg2 Nxh5 30. Bd3 Ng7 31. Re1 h5 32. Re5+ Nf5 33. Rxd5 h4 34.
Re5 Bd7 35. Bxf5 Bxf5 36. Rxh4 Kxh4 37. Rxf5 1-0

[Event "Guernsey International Chess Festival 2"]
[Site "?"]
[Date "2019.10.22"]
[Round "3.1"]
[White "Bianco, Valerio"]
[Black "Hebden, Mark L"]
[Result "0-1"]
[WhiteElo "2088"]
[BlackElo "2427"]
[PlyCount "182"]
[EventDate "2019.??.??"]

1. d4 Nf6 2. c4 g6 3. Nc3 Bg7 4. e4 d6 5. Bd3 O-O 6. Nge2 Nc6 7. O-O Nh5 8. Bc2
e5 9. d5 Ne7 10. f4 exf4 11. Nxf4 Nf6 12. h3 Nd7 13. Be3 Kh8 14. Qd2 Ne5 15. b3
Ng8 16. Rad1 Bd7 17. Nfe2 a6 18. a4 Qe8 19. Nd4 Rd8 20. Bg5 Rb8 21. Rf2 h6 22.
Be3 Qe7 23. Rdf1 c5 24. dxc6 bxc6 25. Rd1 Rfd8 26. Bf4 Be6 27. Qe3 Rbc8 28.
Rfd2 c5 29. Nf3 Nxf3+ 30. Qxf3 Be5 31. Ne2 Kg7 32. Qe3 f6 33. Qf3 Qc7 34. Be3
Ne7 35. Nf4 Bf7 36. Rf1 Nc6 37. Nd5 Bxd5 38. exd5 Nb4 39. Bb1 Re8 40. Qg4 Qf7
41. Rdf2 h5 42. Qf3 Qe7 43. Kh1 Rf8 44. Re2 Rce8 45. Bf4 Qf7 46. Rfe1 Bxf4 47.
Qxf4 Re5 48. Re4 a5 49. R1e3 Rfe8 50. Kh2 Na6 51. Rg3 f5 52. Rxe5 Rxe5 53. Qg5
Qf6 54. Qxh5 Re3 55. Qg5 Qxg5 56. Rxg5 Kf6 57. Rg3 Re1 58. Bd3 Nb4 59. Rf3 Ke5
60. h4 Nxd3 61. Rxd3 f4 62. h5 g5 63. h6 Kf6 64. g3 Re2+ 65. Kh3 fxg3 66. Kxg3
Kg6 67. Rf3 Re8 68. h7 Rh8 69. Re3 Rxh7 70. Re6+ Kf5 71. Rxd6 Rb7 72. Rc6 Rxb3+
73. Kg2 Kf4 74. Rf6+ Ke5 75. Rg6 Kd4 76. Ra6 Kxc4 77. Rxa5 Kxd5 78. Ra8 Ra3 79.
a5 Kc6 80. a6 Kb6 81. Rb8+ Kc7 82. Rg8 Rxa6 83. Rxg5 Kb6 84. Kf3 Kb5 85. Ke2
Rd6 86. Rg8 c4 87. Rb8+ Ka4 88. Rb1 Ka3 89. Rb8 c3 90. Ra8+ Kb2 91. Rb8+ Kc1
0-1

[Event "Guernsey International Chess Festival 2"]
[Site "?"]
[Date "2019.10.22"]
[Round "3.2"]
[White "Wager, John D"]
[Black "Povah, Nigel E"]
[Result "0-1"]
[WhiteElo "2013"]
[BlackElo "2301"]
[PlyCount "46"]
[EventDate "2019.??.??"]

1. Nf3 d5 2. b3 Bg4 3. e3 e5 4. h3 Bxf3 5. Qxf3 c6 6. Bb2 Bd6 7. g3 Ne7 8. Bg2
O-O 9. d3 Nd7 10. Nd2 a5 11. a4 Qc7 12. Qe2 f5 13. f4 Rae8 14. O-O-O b5 15.
axb5 cxb5 16. Nf3 a4 17. fxe5 Nxe5 18. Nd4 Qa5 19. Qe1 Bb4 20. c3 Rc8 21. Ne2
axb3 22. g4 Qa2 23. Qd2 Ba3 0-1

[Event "Guernsey International Chess Festival 2"]
[Site "?"]
[Date "2019.10.22"]
[Round "3.5"]
[White "Reijneveld, Ad"]
[Black "Morcom, Huw"]
[Result "1/2-1/2"]
[WhiteElo "2056"]
[BlackElo "1906"]
[PlyCount "49"]
[EventDate "2019.??.??"]

1. e4 c5 2. Nf3 d6 3. d4 cxd4 4. Nxd4 Nf6 5. Nc3 a6 6. h3 e5 7. Nde2 h6 8. g4
g5 9. Bg2 Be6 10. Be3 Nbd7 11. Qd2 Be7 12. Ng3 Nb6 13. b3 Rc8 14. Nd5 Nbxd5 15.
exd5 Bd7 16. c4 h5 17. Bxg5 hxg4 18. Bxf6 Bxf6 19. Ne4 gxh3 20. Nxd6+ Kf8 21.
Be4 Rc7 22. Nf5 Bg5 23. Qd3 Bxf5 24. Bxf5 h2 25. Rd1 1/2-1/2